Nové prístupy a trendy výskumu v morfologických disciplínach 20. Košický morfologický deň : zborník vedeckých prác : Košice 25. máj 2017

Bibliographic Details
Corporate Author: Nové prístupy a trendy výskumu v morfologických disciplínach Košice, Slovensko (Author)
Other Authors: Lovásová, Květuše, 1961- (Compiler)
Format: Conference Proceeding Book
Language:Slovak
Czech
PhysicalDescription:159 s. fotografie, grafy, tabuľky 21 cm
Published: [Košice] Typopress 2017
ISBN:9788081290695
Subjects:

MARC

LEADER 00000cam a2200000 a 4500
001 vtls011721987
003 SK-MaSNL
005 20260302020531.0
008 200104s2017 xo dao f 100 0 slo
015 |a SNBA2018/01 
020 |a 9788081290695  |q (brožované)  |z 9788081290527 
035 |a urn:nbn:sk:snk-am00d0gi 
035 |a urn:nbn:sk:snk-am3hhgb 
035 |a E99788D9-8AEE-49A3-8FB5-692464120BB6 
040 |a SNK  |b slo  |c SNK  |e AACR2 
041 0 |a slo  |a cze  |b eng 
044 |a xo  |c SK 
072 7 |a 00  |x Veda. Všeobecnosti. Základy vedy a kultúry. Vedecká práca  |2 konspekt 
080 |a 001.891  |2 2011 
080 |a 330.341.1  |2 2011 
080 |a 001.895  |2 2011 
080 |a (062.534)  |2 2011 
111 2 |a Nové prístupy a trendy výskumu v morfologických disciplínach  |n (20. :  |d 2017 :  |c Košice, Slovensko)  |4 aut  |9 663602 
245 1 0 |a Nové prístupy a trendy výskumu v morfologických disciplínach  |b 20. Košický morfologický deň : zborník vedeckých prác : Košice 25. máj 2017  |c [zostavovateľ zborníka: Květuše Lovásová] 
246 3 0 |a Dvadsiaty Košický morfologický deň 
260 |a [Košice]  |b Typopress  |c 2017 
300 |a 159 s.  |b fotografie, grafy, tabuľky  |c 21 cm 
500 |a Vydavatelia Univerzita Pavla Jozefa Šafárika v Košiciach, Lekárska fakulta, Ústav anatómie,Slovenská lekárska spoločnosť, Slovenská anatomická spoločnosť 
504 |a Obsahuje bibliografiu 
546 |a Text aj v češtine, resumé v angličtine 
650 0 7 |a výskum  |2 SNKPH  |9 4238 
650 0 7 |a morfológia  |2 SNKPH  |9 1322 
650 0 7 |a inovácie  |2 SNKPH  |9 2291 
650 0 7 |a Research  |2 SNKPHeng  |9 265525 
650 0 7 |a Morphology  |2 SNKPHeng  |9 325275 
650 0 7 |a Innovations  |2 SNKPHeng  |9 74114 
655 7 |a zborníky konferencií  |2 SNKPH  |9 70153 
655 7 |a Proceedings of conferences  |2 SNKPHeng  |9 265791 
700 1 |a Lovásová, Květuše,  |d 1961-  |4 com  |9 198479 
919 |a 978-80-8129-069-5 
958 |a NB 
958 |a MI 
999 |c 1025513  |d 1027443 
952 |a SNK  |b SNK  |y PREZ  |7 0  |p 17A1304644  |o snkSC 177018  |i snk2017/25837  |8 0  |0 0  |1 0  |4 0  |d 2017-11-22  |f 1  |l 0  |r 2025-09-18 00:00:00  |w 2026-02-24 
952 |a SNK  |b SNK  |y VYP  |7 0  |p 17A1304645  |o snkSC 177018 D1  |i snk2017/25838  |8 0  |0 0  |1 0  |4 0  |d 2017-11-22  |l 0  |r 2026-02-24 13:37:24  |w 2026-02-24